=LDR 00000nam 2200000 4500 =001 INLIS000000000032512 =005 20221024080746 =035 ##$$a 0010-061300000032512 =008 221024################g##########0#ind## =041 ##$$a ind =082 ##$$a F Rom K =090 ##$$a F Rom K, Fai k =100 ##$$a FAIZ, Abdurahman =245 1#$$a Kecil-kecil punya karya, : $b Permen-permen cinta untukmu /$c Abdurahman faiz ; Dadan Ramadhan =260 ##$$a Bandung :$b Dar Mizan,$c 2009 =300 ##$$a 126 hlm : $b Ilus ; $c 19 cm =650 #4$$a Fiksi Kanak-kanak =700 #$$a Ramadhan, Dadan =850 ##$$a NBPNMAT =020 ##$$a 979-752-320-9 =084 ##$$a F Rom K FAI k =990 ##$$a 93412/BPAP-NTB/2014 =990 ##$$a 94283/BPAP-NTB/2014 =990 ##$$a 94319/BPAP-NTB/2014 =990 ##$$a 94283/BPAP-NTB/2014 =990 ##$$a 93412/BPAP-NTB/2014 =990 ##$$a 93412/BPAP-NTB/2014 =990 ##$$a 94283/BPAP-NTB/2014